000 00855nam a2200217 i 4500
001 48107
003 ES-MaACL
005 20230906161708.0
007 t|
008 971217m18741876sp af |||| | spa d
100 1 _aChabás, Roque.
_937725
245 1 0 _aHistoria de la ciudad de Denia /
_cpor Roque Chabás; precedida de un juicio crítico por José Pastor de la Roca.
260 _aDenia :
_bImp. y Librería de Pedro Botella,
_c1874-1876.
300 _a2 t. en 1 v. (XVI, 290 p., [3] h. de lám.; 319 p., [6] h. de lám.) ;
_c22 cm.
510 4 _aPalau,
_c66681
530 _aDisponible en formato digital.
651 4 _aDenia (Alicante)-
_xHistoria.
_98131
700 1 _aPastor de la Roca, José.
_989501
852 _aES-MaACL
_jR-1861. Olim: G-825.
856 _uhttp://bdh-rd.bne.es/viewer.vm?id=0000015521&page=1
_zBiblioteca Digital Hispánica
999 _c48107
_d48107